000 00991cam a22002531 4500
001 8024
003 BD-RjUL
005 20211208234519.0
008 790723s1912 enk 000 0 eng
035 _a(BD-RjUL)8069
040 _aDLC
_cOCl
_dDLC
_dBD-RjUL
_beng
041 _aeng
082 _a915.3
_223
_bBUE 1912
100 1 _aBukhsh, S. Khuda
_d1877-1931.
_9221729
245 1 0 _aEssays :
_bIndian and Islamic/
_cby S. Khuda Bukhsh.
260 _aLondon,
_bProbsthain & co.,
_c1912.
300 _a[4], 295 p.
_c20 cm.
490 0 _aProbsthain's oriental series ;
_vVol. V
505 0 _aThe spirit of Islam.--The Islamic conception of sovereignty.--The Shu 'ubiyyah movement in Islam; its origin, its growth, and its results.--Ghalib: an appreciation.--My father: his life and reminiscences.--Hindustani literature.--Thoughts on the present situation.
650 0 _aIslam.
_9221730
830 _aProbsthain's oriental series ;
_vVol. V
_9221731
942 _2ddc
_cRAR
999 _c8024
_d8024